[Event "Let's Play Chess!"]
[Site "http://www.queenalice.com/game.php?id=411371"]
[Date "2008.6.1"]
[Round "-"]
[White "Marso"]
[Black "Mars"]
[Result "1-0"]
[WhiteElo "1689"]
[BlackElo "1452"]

1. e4 e5 2. Nc3 Nc6 3. f4 d6 4. fxe5 dxe5 5. Bb5 Bd7 6. Nf3 Bc5 7. Bxc6 Bxc6 8.
Nxe5 Qf6 9. d4 O-O-O 10. Qg4+ Bd7 11. Nxd7 Rxd7 12. dxc5 Nh6 13. Bxh6 gxh6 14.
Rd1 Rd8 15. Rxd7 Rxd7 16. Qg8+ Rd8 17. Qxh7 Qd4 18. Qxh6 f5 19. c6 b6 20. exf5
1-0

[Event "Challenge"]
[Site "http://www.queenalice.com/game.php?id=411373"]
[Date "2008.6.1"]
[Round "-"]
[White "Marso"]
[Black "alidivetro"]
[Result "1-0"]
[WhiteElo "1622"]
[BlackElo "1595"]

1. e4 c5 2. Nf3 d6 3. d4 cxd4 4. Nxd4 Nf6 5. Nc3 Nc6 6. Bg5 e5 7. Nxc6 bxc6 8.
Bc4 Be7 9. O-O O-O 10. Rb1 h6 11. Be3 Ng4 12. Bd2 Nf6 13. Qf3 Bg4 14. Qg3 Qd7
15. h3 Be6 16. Be2 Kh7 17. Rfd1 Rad8 18. Be3 Rg8 19. f4 exf4 20. Bxf4 Qc7 21. e5
dxe5 22. Bxe5 Qb6+ 23. Kf1 Nd7 24. Bc7 Qc5 25. Bxd8 Bxd8 26. Bg4 Bb6 27. Bxe6
fxe6 28. Rxd7 Qg1+ 29. Ke2 Qe3+ 30. Qxe3 Bxe3 31. Kxe3 a5 32. a4 Re8 33. Ne4 e5
34. Nf6+ 1-0

[Event "Challenge"]
[Site "http://www.queenalice.com/game.php?id=412759"]
[Date "2008.6.4"]
[Round "-"]
[White "Marso"]
[Black "iggis"]
[Result "0-1"]
[WhiteElo "1622"]
[BlackElo "1700"]

1. e4 c5 2. Nf3 d6 3. d4 cxd4 4. Nxd4 Nf6 5. Nc3 a6 6. Bg5 e6 7. f4 Be7 8. Qf3
h6 9. Bxf6 Bxf6 10. O-O-O Qc7 11. Qe3 O-O 12. Be2 b5 13. Bf3 Bb7 14. Qd2 Nd7 15.
g4 Rac8 16. h4 b4 17. Nce2 e5 18. Nf5 Nc5 19. Neg3 b3 20. Kb1 exf4 21. Ne2 Nxe4
22. Bxe4 Bxe4 23. Nfd4 bxc2+ 0-1

[Event "Challenge"]
[Site "http://www.queenalice.com/game.php?id=417495"]
[Date "2008.6.14"]
[Round "-"]
[White "Marso"]
[Black "Nyvang"]
[Result "1-0"]
[WhiteElo "1696"]
[BlackElo "1777"]

1. e4 g6 2. Nc3 Bg7 3. d4 b6 4. Nf3 Bb7 5. Bc4 Nc6 6. O-O Na5 7. Bd3 Bh6 8. Bxh6
Nxh6 9. d5 c5 10. h3 a6 11. Qd2 Ng8 12. a3 c4 13. Be2 d6 14. Rab1 Nf6 15. b4
cxb3 16. cxb3 b5 17. Qh6 Qb6 18. Qg7 Rg8 19. Qh6 b4 20. Na4 Qa7 21. axb4 Nc6 22.
dxc6 Bxc6 23. Nc3 Rb8 24. b5 axb5 25. b4 e6 26. Qd2 Bxe4 27. Nxe4 Nxe4 28. Qc2
Qb6 29. Qxe4 1-0

[Event "Let's Play Chess!"]
[Site "http://www.queenalice.com/game.php?id=422889"]
[Date "2008.6.25"]
[Round "-"]
[White "Marso"]
[Black "Viper3910"]
[Result "1-0"]
[WhiteElo "1721"]
[BlackElo "1699"]

1. e4 e5 2. Nc3 Bc5 3. Nf3 Qf6 4. Nd5 Qd6 5. d4 exd4 6. Bf4 Qc6 7. Nxd4 Na6 8.
Nxc6 bxc6 9. Bxa6 cxd5 10. Qxd5 c6 11. Qxc5 Bxa6 12. Qg5 Ne7 13. Qxg7 O-O-O 14.
Qe5 d6 15. Qxe7 Rd7 16. Qg5 Re8 17. O-O-O Rxe4 18. Rxd6 Re6 19. Rxd7 Kxd7 20.
Rd1+ Kc8 21. Qg8+ Kb7 22. Qb8# 1-0

[Event "Let's Play Chess!"]
[Site "http://www.queenalice.com/game.php?id=423337"]
[Date "2008.6.26"]
[Round "-"]
[White "Marso"]
[Black "smcneil"]
[Result "1/2-1/2"]
[WhiteElo "1748"]
[BlackElo "1777"]

1. e4 c5 2. Nf3 b6 3. Nc3 Bb7 4. Bc4 e6 5. d3 Nf6 6. O-O d5 7. exd5 Nxd5 8. Nxd5
exd5 9. Bb5+ Nc6 10. Re1+ Be7 11. Ne5 O-O 12. Nxc6 Bxc6 13. Bxc6 Rc8 14. Bxd5
Qxd5 15. Rxe7 Rce8 16. Rxa7 Re6 17. Bd2 Rg6 18. Qf1 c4 19. Bb4 Re8 20. dxc4 Qc6
21. Rd1 h6 22. Rd5 Qe6 23. Bc3 Qe4 24. Rdd7 f6 25. g3 h5 26. Qd1 h4 27. Qd5+ Kh7
28. Qxe4 Rxe4 29. Rd8 h3 30. Raa8 Rh6 31. Rh8+ Kg6 32. Rxh6+ gxh6 33. Rb8 Re2
34. Rd8 Rxc2 35. Rd1 Kg7 36. Kf1 Kg6 37. Ke1 Kg5 38. Rd2 Rc1+ 39. Rd1 Rc2 40. a4
f5 41. c5 bxc5 42. a5 Kg4 43. a6 Kf3 44. Rd2 Rc1+ 45. Rd1 Rc2 46. Rd2 Rc1+ 47.
Rd1 Rc2 48. Rd2 1/2-1/2

[Event "Let's Play Chess!"]
[Site "http://www.queenalice.com/game.php?id=429039"]
[Date "2008.7.7"]
[Round "-"]
[White "Marso"]
[Black "SRIVERO"]
[Result "1-0"]
[WhiteElo "1736"]
[BlackElo "1624"]

1. e4 c5 2. Nf3 Nc6 3. d4 cxd4 4. Nxd4 d6 5. Nxc6 bxc6 6. Nc3 Nf6 7. Bc4 e6 8.
O-O Be7 9. Be3 a5 10. Qf3 Bb7 11. Qg3 O-O 12. Rfd1 d5 13. e5 Ne8 14. Na4 Qc7 15.
Nc5 f6 16. Nxe6 Qxe5 17. Qxe5 fxe5 18. Nxf8 Kxf8 19. Bd3 e4 20. Be2 Bf6 21. c3
Ba6 22. Bxa6 Rxa6 23. Re1 a4 24. Bc5+ Kf7 25. Ba3 Nc7 26. Rac1 Nb5 27. Bb4 Be7
28. Bxe7 Kxe7 29. a3 g5 30. g4 Kd6 31. Rcd1 Ke5 32. f3 Kf4 33. fxe4 dxe4 34. Kg2
Kxg4 35. Rxe4+ Kh5 36. Rd7 h6 37. Re6 Ra7 38. Rxa7 Nxa7 39. Re4 1-0

[Event "Challenge"]
[Site "http://www.queenalice.com/game.php?id=429432"]
[Date "2008.7.8"]
[Round "-"]
[White "Danilo"]
[Black "Marso"]
[Result "1/2-1/2"]
[WhiteElo "1765"]
[BlackElo "1766"]

1. e4 c5 2. Bc4 Nc6 3. Nf3 d6 4. a3 Nf6 5. Ng5 Ne5 6. Bb5+ Bd7 7. Bxd7+ Qxd7 8.
d3 h6 9. Nf3 Nxf3+ 10. Qxf3 d5 11. exd5 Qxd5 12. Qxd5 Nxd5 13. O-O O-O-O 14. Nd2
e6 15. Nc4 Bd6 16. Nxd6+ Rxd6 17. c4 Nf6 18. f3 Rxd3 19. b4 Nd7 20. bxc5 Nxc5
21. Bb2 Rg8 22. Rfe1 g6 23. Rab1 Rd7 24. Red1 Rxd1+ 25. Rxd1 Rd8 26. Rxd8+
1/2-1/2

[Event "Challenge"]
[Site "http://www.queenalice.com/game.php?id=432806"]
[Date "2008.7.13"]
[Round "-"]
[White "Marso"]
[Black "Mike36bh"]
[Result "1-0"]
[WhiteElo "1749"]
[BlackElo "1786"]

1. e4 e5 2. Nc3 d6 3. d4 Bd7 4. Nf3 h6 5. dxe5 dxe5 6. Nxe5 Nc6 7. Nxd7 Qxd7 8.
Qxd7+ Kxd7 9. Be3 Bb4 10. O-O-O+ Bd6 11. f4 f6 12. Bc4 Nge7 13. Nb5 a6 14. Nxd6
cxd6 15. Bc5 Nc8 16. Ba3 Re8 17. Rhe1 b5 18. Bd5 Rb8 19. c3 b4 20. Bxc6+ Kxc6
21. Bxb4 Rd8 22. e5 fxe5 23. fxe5 Rb5 24. Rd4 Rd5 25. Rxd5 Kxd5 26. e6 Re8 27.
b3 Rxe6 28. c4+ Kc6 29. Rxe6 Kd7 30. Rg6 h5 31. Rxg7+ Ne7 32. Rh7 1-0

[Event "Challenge"]
[Site "http://www.queenalice.com/game.php?id=434888"]
[Date "2008.7.17"]
[Round "-"]
[White "Marso"]
[Black "clovis"]
[Result "0-1"]
[WhiteElo "1766"]
[BlackElo "1872"]

1. e4 e5 2. Nc3 Nf6 3. Bc4 Nxe4 4. Qh5 Nd6 5. Bb3 Nc6 6. Nb5 g6 7. Qf3 f5 8. Qd5
Qe7 9. Nxc7+ Kd8 10. Nxa8 b6 11. Nxb6 axb6 12. Qf3 Bb7 13. d3 Nd4 14. Qh3 e4 15.
Be3 exd3 16. O-O-O Nxc2 17. Bxb6+ Kc8 18. Bxc2 dxc2 19. Qc3+ Bc6 20. Kxc2 Bg7
21. Qh3 Qe4+ 22. Kc1 Nc4 23. Qd3 Qxd3 24. Rxd3 Nxb6 25. Ne2 Bxg2 26. Rhd1 Re8
27. R1d2 Be4 28. Rh3 Nc4 29. Nc3 Nxd2 30. Kxd2 h5 31. Nxe4 Rxe4 32. b3 Bf6 33.
Kd1 d5 34. f3 Rh4 35. Rxh4 Bxh4 36. Ke2 Kd7 37. h3 Kd6 38. b4 Kc6 39. a4 Be7 0-1

[Event "Let's Play Chess!"]
[Site "http://www.queenalice.com/game.php?id=444235"]
[Date "2008.8.5"]
[Round "-"]
[White "Marso"]
[Black "egotistic"]
[Result "0-1"]
[WhiteElo "1754"]
[BlackElo "1922"]

1. e4 e6 2. d4 Ne7 3. Nf3 d5 4. e5 h6 5. Nc3 Nd7 6. a3 f5 7. exf6 Nxf6 8. Bd3
Nf5 9. Bxf5 exf5 10. O-O Be7 11. Re1 O-O 12. Bf4 c6 13. Nh4 Ne4 14. Ng6 Re8 15.
Nxe7+ Rxe7 16. Nxe4 dxe4 17. c3 Be6 18. Qc2 Qd5 19. b4 a5 20. Be3 g5 21. g3 a4
22. Rab1 b5 23. Qd1 Rf8 24. f3 exf3 25. Kf2 f4 26. Bd2 Rfe8 27. Qxf3 Qxf3+ 28.
Kxf3 Bd5+ 29. Kf2 fxg3+ 30. hxg3 Kf7 31. Rxe7+ Rxe7 32. Re1 Rxe1 33. Bxe1 Kg6
34. Ke3 Kf5 35. Kf2 Ke4 36. Ke2 h5 37. Bf2 Bc4+ 38. Kd2 Kf3 39. Be1 Kg4 40. Ke3
h4 41. gxh4 gxh4 42. Kf2 h3 43. Kg1 Kf3 44. Kh2 Be6 45. Bd2 Ke2 46. Bf4 Kd3 47.
Be5 Bd5 48. Kxh3 Kxc3 0-1

[Event "Let's Play Chess!"]
[Site "http://www.queenalice.com/game.php?id=447427"]
[Date "2008.8.11"]
[Round "-"]
[White "Marso"]
[Black "llfs"]
[Result "1-0"]
[WhiteElo "1745"]
[BlackElo "1544"]

1. e4 c5 2. Nf3 b6 3. Nc3 Bb7 4. Bc4 e6 5. d3 Nf6 6. O-O g6 7. e5 Nh5 8. Bg5 Be7
9. Bxe7 Qxe7 10. Nb5 Na6 11. Nd6+ Kf8 12. Nxb7 Nb8 13. Nd6 a6 14. d4 b5 15. Bd3
Nf4 16. Be4 f5 17. Bxa8 c4 18. a4 b4 19. Qd2 Nd5 20. Bxd5 c3 21. Qh6+ Qg7 22.
Qxg7+ Kxg7 23. Bb7 a5 24. bxc3 bxc3 25. Ra3 h5 26. Rxc3 h4 27. Rb1 h3 28. Bc8
Nc6 29. Bxd7 Nb4 30. Bxe6 hxg2 31. Rc7+ Kh6 32. Nf7+ Kh7 33. Nxh8+ Kxh8 34. Kxg2
Na6 35. Rc8+ Kh7 36. Rb7+ Kh6 37. Rh8# 1-0

[Event "Let's Play Chess!"]
[Site "http://www.queenalice.com/game.php?id=454417"]
[Date "2008.8.27"]
[Round "-"]
[White "Marso"]
[Black "CampbellMarcel"]
[Result "1-0"]
[WhiteElo "1773"]
[BlackElo "1606"]

1. e4 c5 2. Nf3 b6 3. Nc3 e6 4. Bc4 Bb7 5. d3 Ne7 6. O-O d5 7. exd5 exd5 8. Bb5+
Bc6 9. Re1 Bxb5 10. Nxb5 a6 11. Nc3 Nc6 12. d4 c4 13. Ne5 Rc8 14. Qh5 Nxe5 15.
Qxe5 Rc6 16. Qxd5 Qxd5 17. Nxd5 Kd7 18. Nb4 Nd5 19. Nxd5 Bd6 20. Bf4 Bxf4 21.
Nxf4 Rhc8 22. Nd5 f5 23. Ne7 c3 24. Nxc6 Rxc6 25. b3 1-0

[Event "Challenge"]
[Site "http://www.queenalice.com/game.php?id=457898"]
[Date "2008.9.3"]
[Round "-"]
[White "Marso"]
[Black "perfrh"]
[Result "0-1"]
[WhiteElo "1782"]
[BlackElo "1685"]

1. e4 e6 2. d4 d5 3. Nc3 Nf6 4. Bg5 Be7 5. e5 Nfd7 6. Bxe7 Qxe7 7. Qd2 a6 8.
O-O-O c5 9. f4 cxd4 10. Nce2 Nc6 11. Nxd4 Nxd4 12. Qxd4 Qc5 13. Nf3 O-O 14. g3
b5 15. h4 Bb7 16. Kb1 Rac8 17. c3 Qxd4 18. Nxd4 Nb6 19. h5 Nc4 20. Bh3 Na5 21.
Nxe6 fxe6 22. Bxe6+ Kh8 23. Bxc8 Rxc8 24. Rhg1 Nc4 25. Rd4 Ne3 26. g4 Rc4 27.
Rxc4 Nxc4 28. Re1 Kg8 29. f5 Nd2+ 30. Kc2 Nf3 31. Rf1 Nxe5 32. g5 Nf7 33. g6
hxg6 34. hxg6 Nh6 35. Rf4 Kf8 36. Kd3 Ke7 37. Kd4 Kf6 38. Rf3 Nxf5+ 39. Kc5 Kxg6
40. Rd3 Ne7 41. Kb6 Bc8 42. Rd4 Kf6 43. b3 g5 44. Rd3 g4 45. Kc5 Kf5 46. Kd6 Ke4
47. Rd2 Ke3 48. Rd4 Nf5+ 0-1

[Event "Challenge"]
[Site "http://www.queenalice.com/game.php?id=461020"]
[Date "2008.9.10"]
[Round "-"]
[White "Marso"]
[Black "ocbruno"]
[Result "1-0"]
[WhiteElo "1755"]
[BlackElo "1798"]

1. e4 Nc6 2. d4 e6 3. Bb5 a6 4. Bxc6 bxc6 5. Nf3 d5 6. Qd3 c5 7. exd5 exd5 8.
O-O c4 9. Re1+ Be7 10. Qe2 Nf6 11. Nc3 a5 12. Qe5 Ra6 13. Nb5 Rc6 14. Bf4 Ng4
15. Qxg7 Rf8 16. h3 Nf6 17. Nxc7+ Kd7 18. Ne5+ Kxc7 19. Nxf7+ Kd7 20. Nxd8 Re8
21. Nxc6 Nh5 22. Rxe7+ Rxe7 23. Qxe7+ Kxc6 24. Qc7+ Kb5 25. Qc5+ Ka4 26. Bc7 1-0

[Event "Let's Play Chess!"]
[Site "http://www.queenalice.com/game.php?id=469887"]
[Date "2008.9.28"]
[Round "-"]
[White "Aldino"]
[Black "Marso"]
[Result "1-0"]
[WhiteElo "1803"]
[BlackElo "1782"]

1. e4 c5 2. c4 d6 3. h3 Nc6 4. Nf3 g6 5. d3 Bg7 6. a3 Qb6 7. Nc3 Bxc3+ 8. bxc3
Bd7 9. Qc2 Nf6 10. Rb1 Qa6 11. Be2 Rb8 12. O-O O-O 13. Ra1 Kh8 14. Bh6 Rfd8 15.
Ng5 Kg8 16. Qb2 b6 17. Nf3 Kh8 18. Rfb1 e5 19. Bg5 Kg7 20. Qc1 1-0

[Event "Let's Play Chess!"]
[Site "http://www.queenalice.com/game.php?id=494223"]
[Date "2008.11.16"]
[Round "-"]
[White "Marso"]
[Black "constantin"]
[Result "1/2-1/2"]
[WhiteElo "1763"]
[BlackElo "1735"]

1. e4 e5 2. Nc3 Nf6 3. Bc4 a6 4. Nf3 d6 5. Ng5 Be6 6. Nxe6 fxe6 7. Bxe6 Qe7 8.
Nd5 Nxd5 9. Bxd5 c6 10. Bc4 Qg5 11. O-O Qg6 12. d3 Be7 13. Be3 b5 14. Bb3 a5 15.
a3 Nd7 16. h3 Nf8 17. c3 Ne6 18. Qf3 Nc7 19. Kh1 a4 20. Ba2 Rf8 21. Qe2 Bg5 22.
g3 Bxe3 23. Qxe3 Qh6 24. Qxh6 gxh6 25. f3 O-O-O 26. b4 Rf6 27. Kh2 Rdf8 28. Kg2
1/2-1/2

[Event "Challenge"]
[Site "http://www.queenalice.com/game.php?id=495412"]
[Date "2008.11.19"]
[Round "-"]
[White "victorbush1"]
[Black "Marso"]
[Result "1-0"]
[WhiteElo "1790"]
[BlackElo "1767"]

1. e4 c5 2. Bc4 Nc6 3. Nc3 d6 4. Nf3 Nf6 5. O-O Bg4 6. d3 Nd4 7. Nd5 e6 8. Bg5
exd5 9. Bxd5 Rb8 10. Re1 Be7 11. h3 Bxf3 12. gxf3 O-O 13. c3 Nb5 14. Bb3 Qd7 15.
Kg2 a6 16. a4 Na7 17. d4 Qc7 18. d5 h6 19. Be3 Nc8 20. a5 Bd8 21. c4 Ne7 22. Bc2
Ng6 23. f4 Qe7 24. f3 Nh4+ 25. Kh1 Nh5 26. Rg1 Qf6 27. e5 dxe5 28. Bxc5 Re8 29.
Be3 Nxf4 30. Be4 Be7 31. c5 Nf5 32. Bxf4 exf4 33. b4 g6 34. d6 Red8 35. Kh2 Rd7
36. Qc2 Kh7 37. dxe7 Rxe7 38. Qd2 g5 39. Qd6 Qxd6 40. cxd6 Re5 41. d7 Rd8 42.
Rad1 Rb5 43. Bxf5+ Rxf5 44. Rge1 1-0

[Event "Let's Play Chess!"]
[Site "http://www.queenalice.com/game.php?id=512938"]
[Date "2008.12.26"]
[Round "-"]
[White "Marso"]
[Black "Attia"]
[Result "1-0"]
[WhiteElo "1752"]
[BlackElo "1624"]

1. e4 e5 2. Nf3 Nc6 3. Bb5 d6 4. d4 Bd7 5. Nc3 Nf6 6. Bxc6 Bxc6 7. Qd3 Be7 8.
O-O O-O 9. Qe3 Ng4 10. Qe2 h6 11. Be3 a6 12. Rad1 b5 13. dxe5 b4 14. Nd4 Nxe3
15. Nxc6 Qd7 16. Nxe7+ Qxe7 17. Nd5 Qg5 18. Nxe3 dxe5 19. Qc4 h5 20. Qxb4 h4 21.
h3 Rab8 22. Qc3 g6 23. b3 Rbc8 24. Ng4 f5 25. Qxe5 Rfe8 26. Nf6+ 1-0

[Event "Let's Play Chess!"]
[Site "http://www.queenalice.com/game.php?id=518707"]
[Date "2009.1.7"]
[Round "-"]
[White "Marso"]
[Black "CampbellMarcel"]
[Result "0-1"]
[WhiteElo "1762"]
[BlackElo "1707"]

1. e4 d5 2. e5 d4 3. Nf3 c5 4. c3 d3 5. Qa4+ Nc6 6. Qe4 g6 7. Qxd3 Bd7 8. Qe3 b6
9. d3 Bg7 10. Nbd2 Qc7 11. d4 cxd4 12. cxd4 O-O-O 13. Bc4 e6 14. Ng5 Nh6 15.
Ndf3 Nf5 16. Qe4 Be8 17. Be3 Nxe3 18. Qxe3 h6 19. Bxe6+ Kb8 20. Nxf7 Bxf7 21.
Bh3 Rhe8 22. b3 Nxe5 23. dxe5 Bxe5 0-1

[Event "Let's Play Chess!"]
[Site "http://www.queenalice.com/game.php?id=529950"]
[Date "2009.1.26"]
[Round "-"]
[White "anetta007"]
[Black "Marso"]
[Result "0-1"]
[WhiteElo "1669"]
[BlackElo "1746"]

1. e4 c5 2. Nf3 d6 3. Bb5+ Nc6 4. Bxc6+ bxc6 5. d3 Rb8 6. O-O e5 7. Be3 Rxb2 8.
Nc3 Qa5 9. Bd2 Nf6 10. Nd5 Qd8 11. Nxf6+ Qxf6 12. c4 Qd8 13. Qa4 Qd7 14. Bc3 Rb8
15. h3 Ra8 16. Rfe1 Be7 17. Qd1 O-O 18. a4 Bd8 19. a5 a6 20. Bb2 Re8 0-1